| 000 | 00870nam a2200301 a 4500 | ||
|---|---|---|---|
| 003 | AR-BaBNM | ||
| 005 | 20251128202906.0 | ||
| 008 | 082120s2002 ||||||||||||||000 | spa|| | ||
| 040 | _cAR-BaBNM | ||
| 100 | 1 | _aLópez Peña, Arturo | |
| 245 | 0 | 0 | _aRafael Jijena Sánchez y su mundo poético |
| 260 |
_aBuenos Aires _bEdiciones Culturales Argentinas _bMinisterio de Educación y Justicia _c1975 |
||
| 300 |
_a132 p. _bláms. |
||
| 490 | 0 | _aMonografías | |
| 500 | _aContiene referencias bibliográficas en p. 127 | ||
| 500 | _aGlosario en p. 131 | ||
| 650 | 4 | _aLITERATURA ARGENTINA | |
| 650 | 4 | _aCRITICA LITERARIA | |
| 650 | 4 | _aVIDA LITERARIA | |
| 650 | 4 | _aBIOGRAFIAS | |
| 650 | 4 | _aCOSTUMBRES Y TRADICIONES | |
| 650 | 4 | _aPOESIA | |
| 650 | 4 | _aESCRITORES | |
| 650 | 4 | _aLITERATURA CONTEMPORANEA | |
| 655 | _aLITERATURA | ||
| 942 | _cBK | ||
| 998 | _cMARTIN | ||
| 999 |
_c1078 _d1078 |
||